[Event "FRA-chT4 0506"]
[Site "France"]
[Date "2006.??.??"]
[Round "7"]
[White "Petit, Christian Marie"]
[Black "Didier, Jason"]
[Result "1-0"]
[WhiteElo "1860"]
[BlackElo "1780"]
[PlyCount "71"]
[EventDate "2005.10.02"]
[EventType "team"]
[EventRounds "9"]
[EventCountry "FRA"]
[SourceTitle "EXT 2007"]
[Source "ChessBase"]
[SourceDate "2006.11.23"]
[SourceVersion "1"]
[SourceVersionDate "2006.11.23"]
[SourceQuality "1"]

1. c4 c5 2. Nc3 d6 3. g3 e5 4. Bg2 Nc6 5. e3 f5 6. Nge2 Nf6 7. 0-0 Be7 8. d4 cxd4 9. exd4 0-0 10. Nd5 Nxd5 11. Bxd5+ Kh8 12. Bg2 e4 13. f3 exf3 14. Rxf3 Qb6 15. b3 Bd7 16. Be3 Qd8 17. Qd2 Bf6 18. Rd1 Ne7 19. d5 Ng6 20. Rff1 Re8 21. Nd4 Bxd4 22. Bxd4 Ne5 23. h3 a6 24. Qb4 Bc8 25. Rfe1 a5 26. Qc3 Qe7 27. c5 Bd7 28. cxd6 Qxd6 29. Bxe5 Qf8 30. Qc7 Bb5 31. Qxb7 Ba6 32. Qb6 Rad8 33. d6 Rb8 34. Qc7 Rbc8 35. Qe7 Qxe7 36. dxe7 1-0

[Event "Champagne-chT"]
[Site "Ardennes"]
[Date "2005.05.05"]
[Round "7"]
[White "Didier, Jason"]
[Black "Monaville, Guy"]
[Result "0-1"]
[WhiteElo "1900"]
[BlackElo "2069"]
[PlyCount "40"]
[EventDate "2005.05.05"]
[EventType "team"]
[EventRounds "8"]
[EventCountry "FRA"]
[SourceTitle "EXT 2007"]
[Source "ChessBase"]
[SourceDate "2006.11.23"]
[SourceVersion "1"]
[SourceVersionDate "2006.11.23"]
[SourceQuality "1"]

1. c4 e5 2. Nc3 Bb4 3. Nf3 Bxc3 4. bxc3 d6 5. Qb3 Nd7 6. Ba3 Ngf6 7. e3 0-0 8. d4 e4 9. Nd2 Re8 10. Be2 c5 11. Nf1 b6 12. f4 exf3 13. gxf3 Nh5 14. h4 Qe7 15. e4 Nf4 16. Kd1 Bb7 17. d5 Ne5 18. Ng3 Qf6 19. Rf1 Qxh4 20. Nf5 Qh2 0-1

[Event "Champagne-chT"]
[Site "Ardennes"]
[Date "2005.05.05"]
[Round "8"]
[White "Didier, Jason"]
[Black "Peltriaux, Guillaume"]
[Result "0-1"]
[WhiteElo "1900"]
[BlackElo "1710"]
[PlyCount "54"]
[EventDate "2005.05.05"]
[EventType "team"]
[EventRounds "8"]
[EventCountry "FRA"]
[SourceTitle "EXT 2007"]
[Source "ChessBase"]
[SourceDate "2006.11.23"]
[SourceVersion "1"]
[SourceVersionDate "2006.11.23"]
[SourceQuality "1"]

1. c4 e5 2. Nc3 Bb4 3. Nf3 Bxc3 4. bxc3 d6 5. Qb3 Nc6 6. e3 Rb8 7. d4 e4 8. Nd2 f5 9. Ba3 Bd7 10. Be2 Qg5 11. Rg1 Qh4 12. h3 Nf6 13. c5 d5 14. c4 Ne7 15. cxd5 Nexd5 16. Bc4 c6 17. Bxd5 cxd5 18. Rc1 Bc6 19. Bb4 0-0 20. a4 g5 21. Ke2 Rbe8 22. Rh1 f4 23. Rcg1 Nh5 24. Rf1 fxe3 25. Qxe3 Nf4+ 26. Kd1 Bxa4+ 27. Nb3 Nd3 0-1

[Event "Champagne-chT"]
[Site "Ardennes"]
[Date "2005.05.05"]
[Round "2"]
[White "Godard, Adrien"]
[Black "Didier, Jason"]
[Result "1/2-1/2"]
[WhiteElo "1760"]
[BlackElo "1410"]
[PlyCount "74"]
[EventDate "2005.05.05"]
[EventType "team"]
[EventRounds "8"]
[EventCountry "FRA"]
[SourceTitle "EXT 2007"]
[Source "ChessBase"]
[SourceDate "2006.11.23"]
[SourceVersion "1"]
[SourceVersionDate "2006.11.23"]
[SourceQuality "1"]

1. e4 Nc6 2. Nf3 e5 3. Bc4 Nf6 4. d3 Bc5 5. Be3 Bxe3 6. fxe3 0-0 7. Nc3 d6 8. d4 Ng4 9. Qd2 a6 10. 0-0 Nb4 11. Rae1 b5 12. Bb3 Bb7 13. d5 c5 14. a3 c4 15. Bxc4 bxc4 16. axb4 Qb6 17. Nd1 Nf6 18. Nf2 a5 19. bxa5 Rxa5 20. b4 cxb3 21. cxb3 Ba6 22. Ra1 Rxa1 23. Rxa1 Bb7 24. Qd3 Nd7 25. Nd2 Nc5 26. Qc3 Rc8 27. Rc1 f6 28. Nc4 Qd8 29. b4 Na4 30. Qa3 Nb6 31. Nxb6 Qxb6 32. Rxc8+ Bxc8 33. Qc3 Bd7 34. Nd1 f5 35. exf5 Bxf5 36. Nb2 Qb5 37. Nc4 Qxd5 1/2-1/2

[Event "Champagne-chT"]
[Site "Ardennes"]
[Date "2005.05.05"]
[Round "3"]
[White "Habran, Come"]
[Black "Didier, Jason"]
[Result "0-1"]
[WhiteElo "1440"]
[BlackElo "1900"]
[PlyCount "78"]
[EventDate "2005.05.05"]
[EventType "team"]
[EventRounds "8"]
[EventCountry "FRA"]
[SourceTitle "EXT 2007"]
[Source "ChessBase"]
[SourceDate "2006.11.23"]
[SourceVersion "1"]
[SourceVersionDate "2006.11.23"]
[SourceQuality "1"]

1. d4 d5 2. Nf3 Nf6 3. e3 e6 4. c4 c5 5. Nc3 dxc4 6. Bxc4 cxd4 7. Qxd4 Qxd4 8. Nxd4 Bb4 9. Bd2 a6 10. 0-0 0-0 11. Rac1 Rd8 12. Rfd1 e5 13. Nf3 Nc6 14. a3 Bxc3 15. Bxc3 Rxd1+ 16. Rxd1 Bg4 17. Be2 Ne4 18. Rd3 Nxc3 19. Rxc3 f6 20. Rc4 h5 21. h3 Be6 22. Rc2 Rd8 23. Bc4 Bxc4 24. Rxc4 Rd1+ 25. Kh2 Kf7 26. g4 hxg4 27. hxg4 Ke6 28. Rc2 Na5 29. Kg3 Nc6 30. Rd2 Rxd2 31. Nxd2 Kd5 32. Kh4 g6 33. g5 f5 34. Kg3 Na5 35. Kf3 b5 36. Ke2 Nc4 37. Kd3 Nxb2+ 38. Kc3 Nd1+ 39. Kb3 Nxf2 0-1